[Event "European Blitz 2022"]
[Site "Katowice POL"]
[Date "2022.12.16"]
[Round "13.47"]
[White "Solys, Laimutis"]
[Black "Arkell, Keith C"]
[Result "1/2-1/2"]
[WhiteTitle "FM"]
[BlackTitle "GM"]
[WhiteElo "2289"]
[BlackElo "2406"]
[WhiteFideId "12800368"]
[BlackFideId "400270"]
[EventDate "2022.12.16"]

1. e4 c6 2. d4 d5 3. exd5 cxd5 4. Bd3 Nc6 5. c3 Nf6 6. h3 g6 7. Nf3 Bf5 8. Be2
Bg7 9. O-O Be4 10. Bf4 Bxf3 11. Bxf3 b5 12. Nd2 O-O 13. Re1 b4 14. Nb3 bxc3 15.
bxc3 Rc8 16. Nc5 e6 17. Be2 Qa5 18. Qb3 Ne4 19. Nxe4 dxe4 20. Bb5 e5 21. Bxc6
Rxc6 22. Bxe5 Bxe5 23. dxe5 Qxe5 24. c4 Qd4 25. Rac1 Rfc8 26. Red1 Qe5 27. Rd7
Qe6 28. Rd4 f5 29. Qc3 Rc5 30. a4 f4 31. Qc2 e3 32. Rxf4 exf2+ 33. Qxf2 a5 34.
Re1 Qd7 35. Rfe4 R8c7 36. Re8+ Kg7 37. Qb2+ Kh6 38. R8e4 R7c6 39. Rh4+ Rh5 40.
Rxh5+ Kxh5 41. Qe2+ Kh6 42. Qe3+ Kg7 43. c5 Qd5 44. Qe5+ Qxe5 45. Rxe5 Kf6 46.
Rd5 Ke6 47. Rd1 Rxc5 48. Rb1 Rc4 49. Rb7 h5 50. Rb6+ Kf7 51. Kf2 Rxa4 52. Kg3
h4+ 53. Kf3 Kg7 54. Ra6 g5 55. Kf2 Ra1 56. Kf3 a4 57. Kg4 Rg1 58. Kxg5 Rxg2+ 59.
Kxh4 1/2-1/2

[Event "European Blitz 2022"]
[Site "Katowice POL"]
[Date "2022.12.16"]
[Round "13.48"]
[White "Langheinrich, Ferenc"]
[Black "Zochowski, Kacper"]
[Result "1-0"]
[WhiteTitle "IM"]
[BlackTitle "FM"]
[WhiteElo "2381"]
[BlackElo "2256"]
[WhiteFideId "4641973"]
[BlackFideId "1125494"]
[EventDate "2022.12.16"]

1. e4 d6 2. d4 g6 3. Nc3 Bg7 4. Be3 a6 5. h4 Nf6 6. h5 Nxh5 7. Rxh5 gxh5 8. Qxh5
e6 9. Nf3 Nd7 10. e5 h6 11. Bd3 Qe7 12. O-O-O d5 13. Nh4 b5 14. f4 b4 15. Ne2
Nf8 16. f5 exf5 17. Bxf5 Ne6 18. Rf1 Bd7 19. Bd3 O-O-O 20. Rxf7 Qe8 21. Bg6 Nf8
22. Rxg7 Nxg6 23. Rxg6 Bb5 24. Nf4 Kb8 25. Qf3 Bc4 26. b3 Bb5 27. Kb2 Rf8 28. g4
Qe7 29. Nf5 Qd7 30. Rxh6 Rh8 31. Rxh8 Rxh8 32. Bd2 Bc6 33. Bxb4 Qh7 34. e6 Qh2
35. Ne7 Bb7 36. Neg6 Re8 37. e7 Qg1 38. Bc3 a5 39. a4 Qh2 40. Ne6 Qh6 41. Qf7
Bc6 42. Bxa5 Qe3 43. Bxc7+ Ka8 44. Be5 Qe2 45. Qf5 Rc8 46. Nc7+ Kb7 47. e8=Q
Bxe8 48. Nxe8 Qd2 49. Nd6+ Ka8 50. Qxc8+ 1-0

[Event "European Blitz 2022"]
[Site "Katowice POL"]
[Date "2022.12.16"]
[Round "13.49"]
[White "Morgunov, Marc"]
[Black "Wilk, Krzysztof"]
[Result "1-0"]
[WhiteTitle "FM"]
[WhiteElo "2402"]
[BlackElo "2107"]
[WhiteFideId "1640305"]
[BlackFideId "1116193"]
[EventDate "2022.12.16"]

1. e4 c6 2. Nc3 d5 3. Nf3 dxe4 4. Nxe4 Bg4 5. h3 Bxf3 6. Qxf3 Nd7 7. d4 Ngf6 8.
c3 e6 9. Bd3 Nxe4 10. Bxe4 Nf6 11. Bc2 Qd5 12. Qg3 Be7 13. O-O Nh5 14. Qe5 Nf6
15. Bf4 Qxe5 16. dxe5 Nd5 17. Bd2 O-O-O 18. Rad1 h6 19. a3 Bg5 20. f4 Be7 21.
Kf2 g6 22. c4 Bc5+ 23. Ke2 Ne7 24. b4 Bd4 25. Bc1 h5 26. g3 b6 27. Kf3 Kc7 28.
Rd3 Nf5 29. Rfd1 c5 30. Bd2 Bb2 31. Rxd8 Rxd8 32. Bxf5 gxf5 33. bxc5 bxc5 34.
Ba5+ 1-0

[Event "European Blitz 2022"]
[Site "Katowice POL"]
[Date "2022.12.16"]
[Round "13.50"]
[White "Vardanyan, Aras"]
[Black "Spalir, Jernej"]
[Result "0-1"]
[WhiteTitle "CM"]
[BlackTitle "IM"]
[WhiteElo "2271"]
[BlackElo "2377"]
[WhiteFideId "12808792"]
[BlackFideId "14606518"]
[EventDate "2022.12.16"]

1. c4 e6 2. Nc3 d5 3. e3 Nf6 4. Nf3 Be7 5. b3 O-O 6. Bb2 c5 7. cxd5 Nxd5 8. Nxd5
Qxd5 9. Bc4 Qd8 10. h4 Nc6 11. h5 h6 12. d4 cxd4 13. Nxd4 Bb4+ 14. Kf1 Nxd4 15.
Bxd4 Qg5 16. Rh3 e5 17. Rg3 Qh4 18. Bb2 Qh1+ 19. Ke2 Qxh5+ 20. f3 Bf5 21. Qh1
Qxh1 22. Rxh1 Rad8 23. Bxe5 Rd2+ 24. Kf1 Rd1+ 25. Kf2 Rd2+ 26. Kg1 Rd1+ 27. Kf2
Rd2+ 28. Kg1 Rd1+ 29. Kh2 Rxh1+ 30. Kxh1 g6 31. e4 b5 32. Bd5 Rd8 33. Bf6 Rd7
34. Be5 Kh7 35. f4 Be6 36. Bc6 Rd1+ 37. Kh2 Bc5 38. Rc3 Bg1+ 39. Kg3 b4 40. Rf3
h5 41. f5 Bc8 42. Kf4 Bh2+ 43. g3 Kh6 44. fxg6 fxg6 45. Bf6 Bg4 46. Bg5+ Kg7 47.
Re3 Rf1+ 48. Ke5 Bg1 49. Rd3 Rf7 50. Bd5 Rd7 51. Bf4 Bf2 52. Rd2 Be1 53. Rc2
Bc3+ 54. Rxc3 bxc3 55. Bc1 c2 56. Kd4 Be6 57. Kc5 Bxd5 58. exd5 Kf6 59. Kc6 Rd8
60. d6 Ke6 61. Bf4 Rf8 62. Bc1 Rf1 0-1

[Event "European Blitz 2022"]
[Site "Katowice POL"]
[Date "2022.12.16"]
[Round "13.51"]
[White "Marie, Maxime"]
[Black "Monroy, Charles"]
[Result "0-1"]
[WhiteTitle "CM"]
[BlackTitle "IM"]
[WhiteElo "2175"]
[BlackElo "2395"]
[WhiteFideId "625590"]
[BlackFideId "621641"]
[EventDate "2022.12.16"]

1. c4 Nf6 2. Nc3 c5 3. e3 g6 4. b3 Bg7 5. Bb2 O-O 6. Nf3 b6 7. d4 cxd4 8. exd4
d5 9. Be2 Bb7 10. O-O Nc6 11. Rc1 Rc8 12. Ne5 dxc4 13. Nxc6 Rxc6 14. bxc4 Ba6
15. Nb5 Bxb5 16. cxb5 Rd6 17. Qa4 Qd7 18. Bf3 a5 19. Rc6 Rd8 20. Rfc1 Ne8 21.
R1c4 Qf5 22. Qc2 Qxb5 23. Rxd6 Nxd6 24. Rc7 Nf5 25. Rc8 Qd7 26. Rc7 Qd6 27. Rc6
Qb4 28. Bc3 Qb5 29. a4 Qa6 30. Qe4 e6 31. g4 Nxd4 32. Bxd4 Bxd4 33. Kg2 Qa8 34.
Rxe6 Qxe4 35. Rxe4 Bc5 36. Rc4 Rd2 37. Bc6 Rxf2+ 38. Kg3 Rd2 39. Bb5 Bd6+ 0-1

[Event "European Blitz 2022"]
[Site "Katowice POL"]
[Date "2022.12.16"]
[Round "13.52"]
[White "Stefanova, Antoaneta"]
[Black "Wojdak, Jan"]
[Result "0-1"]
[WhiteTitle "GM"]
[WhiteElo "2442"]
[BlackElo "2115"]
[WhiteFideId "2902257"]
[BlackFideId "21817111"]
[EventDate "2022.12.16"]

1. d4 d5 2. Bf4 Nf6 3. e3 e6 4. Nd2 c5 5. c3 Bd6 6. Bg3 O-O 7. Ngf3 b6 8. Bd3
Ba6 9. Bxa6 Nxa6 10. Ne5 Nb8 11. O-O Qc7 12. f4 Nfd7 13. Qh5 f6 14. Nd3 Nc6 15.
Qh3 Rae8 16. Nf3 Na5 17. Rae1 f5 18. Bh4 Nc6 19. g4 fxg4 20. Qxg4 Nf6 21. Qh3
Ne4 22. Nf2 cxd4 23. Nxe4 dxe4 24. Nxd4 Nxd4 25. cxd4 Qf7 26. Re2 Be7 27. Bg3
Bf6 28. Rc2 Rc8 29. Rfc1 Rxc2 30. Rxc2 Qd7 31. Qg2 Qd5 32. b3 a5 33. Qd2 h5 34.
h3 Be7 35. Kh2 h4 36. Be1 Qh5 37. Qe2 Qf5 38. Qg4 Qxg4 39. hxg4 g5 40. Rc6 gxf4
41. Rxe6 Bd8 42. Rxe4 f3 43. Bf2 Bc7+ 44. Kh3 Bg3 45. Bg1 f2 46. Bxf2 Rxf2 47.
g5 Rxa2 48. Re6 b5 49. Rb6 b4 50. Kg4 Re2 51. Kf3 Rb2 52. Rb5 Rf2+ 53. Kg4 Rb2
54. Rxa5 Rxb3 55. Rb5 Be1 56. Rb8+ Kg7 57. Rb7+ Kf8 58. Rb8+ Ke7 59. Rb7+ Ke6
60. e4 h3 61. Rh7 Rg3+ 62. Kf4 b3 63. e5 b2 64. Rb7 h2 65. Rb6+ Kd7 66. Rxb2
h1=Q 67. Kf5 Qf3+ 68. Kg6 Qc6+ 69. Kh7 Rh3+ 70. Kg7 Rg3 71. e6+ Qxe6 72. Rb7+
Kc8 0-1

[Event "European Blitz 2022"]
[Site "Katowice POL"]
[Date "2022.12.16"]
[Round "13.53"]
[White "Yao, Lan"]
[Black "Mastrovasilis, Dimitrios"]
[Result "1/2-1/2"]
[WhiteTitle "WIM"]
[BlackTitle "GM"]
[WhiteElo "2271"]
[BlackElo "2605"]
[WhiteFideId "8610835"]
[BlackFideId "4202694"]
[EventDate "2022.12.16"]

1. e4 c5 2. Nf3 e6 3. d4 cxd4 4. Nxd4 a6 5. c4 Nf6 6. Nc3 d6 7. a3 Nbd7 8. Be2
b6 9. Be3 Bb7 10. f3 Be7 11. O-O O-O 12. Qd2 Rc8 13. Rac1 Ne5 14. Na4 Re8 15. b4
d5 16. exd5 exd5 17. c5 bxc5 18. Nxc5 Bxc5 19. bxc5 Nc4 20. Bxc4 dxc4 21. Rxc4
Qd5 22. Rfc1 Bc6 23. Nxc6 Qxc6 24. Bf2 h6 25. Qd6 Re2 26. Qxc6 Rxc6 27. R1c2
Rxc2 28. Rxc2 Kf8 29. Kf1 Ke7 30. Ke2 Kd7 31. Kd3 Re6 32. Rb2 Kc7 33. Kc4 Nd7
34. Bg3+ Kc6 35. Bf2 Re5 36. Rd2 Nxc5 37. Bxc5 Rxc5+ 38. Kb4 Rb5+ 39. Kc4 Re5
40. Kc3 Re3+ 41. Kb4 h5 42. a4 Re5 43. Kc4 h4 44. h3 Rc5+ 45. Kb4 a5+ 46. Kb3
Rg5 47. Kc4 f6 48. Re2 Rc5+ 49. Kd4 Rd5+ 50. Kc4 Rd6 51. Re4 g5 52. Re2 Kb6 53.
Rb2+ Ka6 54. Kc5 Re6 55. Rd2 Kb7 56. Rd7+ Kc8 57. Rf7 Re2 58. Rxf6 Rxg2 59. Rg6
Rg3 60. Kb5 Rxf3 61. Rxg5 Rxh3 62. Kxa5 Rb3 63. Rh5 h3 64. Rh7 Kb8 65. Ka6 Kc8
66. Ka5 Kb8 67. Ka6 Kc8 1/2-1/2

[Event "European Blitz 2022"]
[Site "Katowice POL"]
[Date "2022.12.16"]
[Round "13.54"]
[White "Dragnev, Valentin"]
[Black "Sotsky, Alexander"]
[Result "1-0"]
[WhiteTitle "GM"]
[BlackTitle "IM"]
[WhiteElo "2556"]
[BlackElo "2333"]
[WhiteFideId "1634852"]
[BlackFideId "4130715"]
[EventDate "2022.12.16"]

1. e4 e6 2. d4 d5 3. Nc3 dxe4 4. Nxe4 Bd7 5. Nf3 Bc6 6. Bd3 Bxe4 7. Bxe4 c6 8.
O-O Nf6 9. Bd3 Bd6 10. c4 Qc7 11. Re1 O-O 12. g3 b6 13. Qc2 Nbd7 14. Bd2 Rfe8
15. Rad1 g6 16. Bg5 Rac8 17. Bf1 c5 18. b3 Nh5 19. Bg2 Ng7 20. Qd2 Bf8 21. Bf4
Qd8 22. dxc5 Nxc5 23. Qc3 Qe7 24. Bd6 Qb7 25. Ne5 Qa6 26. Ng4 Nh5 27. Bxf8 Kxf8
28. Rd2 Red8 29. Red1 Rxd2 30. Rxd2 Ke7 31. Qe5 Rd8 32. Qc7+ Rd7 33. Rxd7+ Nxd7
34. Ne5 Nf6 35. Nxd7 Nxd7 36. Bc6 Qxa2 37. Qxd7+ Kf8 38. Qd8+ Kg7 39. Qd4+ Kg8
40. Qd3 a5 41. Kg2 Qb2 42. h4 Qe5 43. Bf3 Qc5 44. Qe3 Qb4 45. Bc6 Kg7 46. Qd4+
Kg8 47. Ba4 h6 48. Qf4 Qc5 49. Qxh6 1-0

[Event "European Blitz 2022"]
[Site "Katowice POL"]
[Date "2022.12.16"]
[Round "13.55"]
[White "Asllani, Muhamet"]
[Black "Kovalevsky, Stanislav"]
[Result "0-1"]
[BlackTitle "FM"]
[WhiteElo "2228"]
[BlackElo "2237"]
[WhiteFideId "22100300"]
[BlackFideId "13508598"]
[EventDate "2022.12.16"]

1. e4 e6 2. d4 d5 3. Nd2 dxe4 4. Nxe4 Nf6 5. Nxf6+ gxf6 6. Nf3 c5 7. c3 Nc6 8.
Bb5 Bd7 9. d5 Ne7 10. Bxd7+ Qxd7 11. dxe6 fxe6 12. Qxd7+ Kxd7 13. Be3 Nd5 14.
O-O-O Kc6 15. Bd2 Bd6 16. Rhe1 e5 17. Nh4 Rhg8 18. g3 Rad8 19. Nf5 Ne7 20. Nxd6
Rxd6 21. f4 Ng6 22. fxe5 Nxe5 23. Bf4 Nd3+ 24. Kb1 Nxf4 25. Rxd6+ Kxd6 26. gxf4
Rg2 27. f5 Rxh2 28. Re6+ Kd5 29. Rxf6 b6 30. Rf7 a5 31. a4 h5 32. Rb7 Kc6 33.
Rh7 Kd5 34. Rh6 Kc4 35. Rxb6 Rf2 36. Ka2 Rxf5 37. Rd6 h4 38. Rh6 Rf4 39. Rh5 Rg4
40. Ka3 Rf4 41. b3+ Kxc3 42. Rxc5+ Kd3 43. Rxa5 h3 44. Rh5 Rf3 45. a5 Kc2 46.
Rc5+ Kd2 47. Ka4 Rf4+ 48. b4 Rh4 49. Rd5+ Kc3 50. Rd1 Rxb4+ 51. Ka3 Rh4 52. Rh1
h2 53. a6 Rh6 54. Ka4 Rxa6+ 55. Kb5 Rh6 56. Kc5 Kd3 57. Kd5 Ke3 58. Ke5 Kf3 59.
Kd4 0-1

[Event "European Blitz 2022"]
[Site "Katowice POL"]
[Date "2022.12.16"]
[Round "13.56"]
[White "Uruci, Endrit"]
[Black "Reza, Wojciech"]
[Result "1-0"]
[WhiteTitle "FM"]
[BlackTitle "FM"]
[WhiteElo "2297"]
[BlackElo "2290"]
[WhiteFideId "22100199"]
[BlackFideId "1151967"]
[EventDate "2022.12.16"]

1. e4 e5 2. Nf3 Nc6 3. Bb5 a6 4. Bxc6 dxc6 5. d3 f6 6. O-O Bg4 7. Be3 c5 8. Nbd2
Nh6 9. h3 Be6 10. Bxh6 gxh6 11. Nh4 Qd7 12. Qh5+ Bf7 13. Qf5 Qxf5 14. Nxf5 O-O-O
15. b3 Be6 16. f4 Bxf5 17. exf5 exf4 18. Rxf4 Bd6 19. Re4 Be5 20. Rf1 Rd4 21.
Rfe1 Rg8 22. Nf3 Rxe4 23. Rxe4 Bb2 24. Kf2 Kd7 25. Rh4 Rg7 26. Rxh6 Re7 27. Rh4
b5 28. Re4 Rg7 29. Re6 c6 30. g4 Rf7 31. Nd2 Bd4+ 32. Kf3 h5 33. Ne4 hxg4+ 34.
hxg4 b4 35. Kf4 Be5+ 36. Kf3 Bd4 37. Kf4 Be5+ 38. Rxe5 fxe5+ 39. Kxe5 c4 40.
dxc4 Rh7 41. Nf6+ Kd8 1-0

[Event "European Blitz 2022"]
[Site "Katowice POL"]
[Date "2022.12.16"]
[Round "13.57"]
[White "De Filomeno, Simone"]
[Black "Varvadoukas, Theodoros"]
[Result "0-1"]
[WhiteTitle "IM"]
[WhiteElo "2450"]
[BlackElo "2109"]
[WhiteFideId "828688"]
[BlackFideId "4210735"]
[EventDate "2022.12.16"]

1. d4 Nf6 2. c4 c5 3. Nf3 cxd4 4. Nxd4 d5 5. cxd5 Nxd5 6. e4 Nf6 7. Nc3 e5 8.
Ndb5 Qxd1+ 9. Nxd1 Na6 10. f3 Bb4+ 11. Kf2 O-O 12. a3 Bc5+ 13. Be3 Rd8 14. Be2
Bd7 15. Rc1 Bxe3+ 16. Kxe3 Bxb5 17. Bxb5 Rac8 18. Rxc8 Rxc8 19. Bxa6 bxa6 20.
Nc3 Kf8 21. Rd1 Ke7 22. Rd3 Rc4 23. Kd2 Rc8 24. g4 h5 25. g5 Nd7 26. Nd5+ Ke6
27. Rb3 f6 28. gxf6 Nxf6 29. Ne3 Rd8+ 30. Ke2 Rd7 31. Rb8 g6 32. Rc8 h4 33. Rc5
Nh5 34. Nc4 Nf4+ 35. Kf2 Nd3+ 0-1

[Event "European Blitz 2022"]
[Site "Katowice POL"]
[Date "2022.12.16"]
[Round "13.58"]
[White "Cramling, Pia"]
[Black "Kracht, Raphael"]
[Result "1/2-1/2"]
[WhiteTitle "GM"]
[WhiteElo "2463"]
[BlackElo "2124"]
[WhiteFideId "1700030"]
[BlackFideId "16214382"]
[EventDate "2022.12.16"]

1. d4 Nf6 2. c4 e6 3. Nf3 d5 4. Nc3 dxc4 5. e4 Bb4 6. Bg5 c5 7. Bxc4 cxd4 8.
Nxd4 Bxc3+ 9. bxc3 Qa5 10. Bxf6 Qxc3+ 11. Kf1 gxf6 12. Rc1 Qb4 13. h4 Bd7 14.
Rh3 a6 15. Rb3 Qd6 16. Rxb7 Nc6 17. Nxc6 Qxd1+ 18. Rxd1 Bxc6 19. Rb6 Bb5 20.
Bxb5+ axb5 21. Rxb5 O-O 22. Rd2 Ra3 23. f3 Rfa8 24. Rbb2 Kg7 25. Kf2 Kg6 26. Kg3
R8a7 27. Kf4 h5 28. Kg3 Kg7 29. Rdc2 R7a5 30. Rc7 Ra7 31. Rxa7 Rxa7 32. Kf4 Ra3
33. g4 Kg6 34. gxh5+ Kxh5 35. Kg3 Kg6 36. Kg4 Ra5 37. h5+ Rxh5 38. a4 Ra5 39.
Ra2 Kg7 40. Kf4 Kf8 41. Ke3 Ke7 42. Kd4 Kd6 43. Ra3 f5 44. exf5 Rxf5 45. a5 Kc7
46. a6 Kb8 47. a7+ Ka8 48. Ke4 Rd5 49. Ra2 Rf5 50. f4 Rd5 51. Ra4 Rf5 1/2-1/2

[Event "European Blitz 2022"]
[Site "Katowice POL"]
[Date "2022.12.16"]
[Round "13.59"]
[White "Kubicka, Anna"]
[Black "Diermair, Andreas"]
[Result "1-0"]
[WhiteTitle "WIM"]
[BlackTitle "GM"]
[WhiteElo "2217"]
[BlackElo "2446"]
[WhiteFideId "1152254"]
[BlackFideId "1612468"]
[EventDate "2022.12.16"]

1. e4 e5 2. Nf3 Nc6 3. Bb5 a6 4. Ba4 Nf6 5. O-O Be7 6. Re1 b5 7. Bb3 d6 8. c3
O-O 9. h3 Nb8 10. d4 Nbd7 11. c4 c6 12. Qc2 Bb7 13. Nc3 Rc8 14. a3 bxc4 15. Bxc4
d5 16. Ba2 exd4 17. Nxd4 c5 18. Nf5 d4 19. Nd5 Nxd5 20. exd5 Bf6 21. Nd6 Rb8 22.
Nxb7 Rxb7 23. Bf4 Qb6 24. Rab1 a5 25. d6 Qc6 26. Bc4 a4 27. Bd3 g6 28. Be4 Qb6
29. Bxb7 Qxb7 30. Qxa4 Rc8 31. Qc2 c4 32. Qe4 Qb6 33. Qd5 d3 34. Bh6 Bd4 35. Re7
Ne5 36. d7 Rd8 37. Re8+ 1-0

[Event "European Blitz 2022"]
[Site "Katowice POL"]
[Date "2022.12.16"]
[Round "13.60"]
[White "Tisaj, Domen"]
[Black "Krzywda, Andrzej"]
[Result "1-0"]
[WhiteTitle "FM"]
[BlackTitle "CM"]
[WhiteElo "2396"]
[BlackElo "2262"]
[WhiteFideId "14628708"]
[BlackFideId "1114565"]
[EventDate "2022.12.16"]

1. d4 d5 2. c4 e6 3. Nc3 Nf6 4. cxd5 Nxd5 5. Nf3 c5 6. e3 Nc6 7. Bd3 cxd4 8.
exd4 Be7 9. O-O O-O 10. Re1 Nxc3 11. bxc3 b6 12. h4 Bb7 13. h5 Re8 14. Qe2 Bf6
15. Qe4 g6 16. hxg6 hxg6 17. Qg4 Kg7 18. Bf4 Rh8 19. Be4 Qd7 20. d5 Nd8 21. dxe6
Nxe6 22. Be5 Bxe5 23. Nxe5 Qc7 24. Bxg6 1-0

[Event "European Blitz 2022"]
[Site "Katowice POL"]
[Date "2022.12.16"]
[Round "13.61"]
[White "Psyk, Radoslaw"]
[Black "Piotrowski, Przemyslaw"]
[Result "0-1"]
[BlackTitle "FM"]
[WhiteElo "2438"]
[BlackElo "2247"]
[WhiteFideId "1182838"]
[BlackFideId "1127063"]
[EventDate "2022.12.16"]

1. e4 c5 2. Be2 Nc6 3. d3 Nf6 4. f4 e5 5. Nf3 d6 6. O-O Be7 7. Qe1 b5 8. Kh1 Rb8
9. fxe5 dxe5 10. c3 h6 11. Be3 Be6 12. Nbd2 O-O 13. a3 a5 14. Qg3 Nh5 15. Qf2
Nf4 16. Nxe5 Nxe5 17. Bxf4 Nxd3 18. Bxd3 Qxd3 19. Bxb8 Rxb8 20. Rfe1 Rd8 21. Nf3
Bb3 22. h3 a4 23. Ne5 Qd6 24. Ng4 Qe6 25. Ne3 Bg5 26. Nf5 g6 27. Ng3 Bh4 28. Re3
Qe5 29. Rf1 Rd7 30. Qf3 Bc4 31. Rg1 Rd2 32. Qg4 Bg5 33. Rf3 Be6 34. Nf5 gxf5 35.
exf5 Bd5 36. Rg3 Kf8 37. h4 Bf6 38. Qg8+ Ke7 39. Rg4 Qxf5 40. Kh2 Be5+ 41. Kh1
Be6 42. Rg3 Bxg3 43. Qxg3 Bd5 44. Qe3+ Qe4 45. Qxc5+ Ke6 46. Qc8+ Ke7 47. Qc7+
Kf8 48. Qb8+ Kg7 49. Qg3+ Kh7 50. Kh2 Rxb2 51. c4 bxc4 52. Kh3 Rb3 0-1

[Event "European Blitz 2022"]
[Site "Katowice POL"]
[Date "2022.12.16"]
[Round "13.62"]
[White "Sliwicka, Alicja"]
[Black "Kirk, Ezra"]
[Result "0-1"]
[WhiteTitle "WIM"]
[BlackTitle "IM"]
[WhiteElo "2284"]
[BlackElo "2432"]
[WhiteFideId "1150677"]
[BlackFideId "600067"]
[EventDate "2022.12.16"]

1. e4 e6 2. d4 d5 3. e5 c5 4. c3 Nc6 5. Nf3 Bd7 6. Bd3 Rc8 7. a3 Nge7 8. b4 cxd4
9. cxd4 Nf5 10. Bxf5 exf5 11. O-O Be6 12. Nc3 Be7 13. Ne2 O-O 14. Be3 a6 15. Qd3
Na7 16. Rab1 Qd7 17. Qb3 Rc4 18. Nd2 Rc7 19. a4 Nc6 20. b5 Na5 21. Qa2 Rfc8 22.
Rfc1 Rxc1+ 23. Nxc1 f4 24. Bxf4 Bf5 25. Ncb3 Bxb1 26. Nxb1 Qg4 27. f3 Qxf4 28.
Nxa5 Qc1+ 29. Kf2 Rc2+ 0-1

[Event "European Blitz 2022"]
[Site "Katowice POL"]
[Date "2022.12.16"]
[Round "13.63"]
[White "Ondozi, Murtez"]
[Black "Jaskolka, Tomasz"]
[Result "1-0"]
[WhiteTitle "FM"]
[BlackTitle "CM"]
[WhiteElo "2406"]
[BlackElo "2188"]
[WhiteFideId "937576"]
[BlackFideId "1170791"]
[EventDate "2022.12.16"]

1. d4 d5 2. c4 c6 3. Nc3 Nf6 4. Nf3 a6 5. c5 Bf5 6. Qb3 Ra7 7. Bd2 e6 8. e3 h6
9. Be2 Be7 10. O-O O-O 11. h3 Nbd7 12. Na4 Ne4 13. Be1 e5 14. Nb6 exd4 15. exd4
Nxb6 16. Ba5 Qc8 17. Bxb6 Ra8 18. Ne5 Nd2 19. Qg3 Nxf1 20. Bxf1 Bf6 21. f4 Qe6
22. Ba5 Rfe8 23. Bc3 Bxe5 24. fxe5 Qg6 25. Qh4 Re6 26. Be2 Qg5 27. Qxg5 hxg5 28.
Rf1 Be4 29. Bg4 Re7 30. Bd2 b6 31. cxb6 Rb8 32. Ba5 Bd3 33. Rc1 Bb5 34. b3 f6
35. e6 g6 36. a4 Bd3 37. Rxc6 f5 38. Bf3 Be4 39. Bxe4 dxe4 40. Rd6 f4 41. d5 e3
42. Rc6 Rd8 43. b7 Rb8 44. Rc8+ Re8 45. Rxe8+ Rxe8 46. Bc7 1-0

[Event "European Blitz 2022"]
[Site "Katowice POL"]
[Date "2022.12.16"]
[Round "13.64"]
[White "Mitusov, Semen"]
[Black "Mrvova, Alena"]
[Result "1-0"]
[WhiteTitle "IM"]
[BlackTitle "WIM"]
[WhiteElo "2397"]
[BlackElo "2135"]
[WhiteFideId "14151049"]
[BlackFideId "14902036"]
[EventDate "2022.12.16"]

1. e4 c5 2. Nf3 d6 3. d4 cxd4 4. Nxd4 Nf6 5. Nc3 g6 6. Be3 Bg7 7. f3 O-O 8. Qd2
Nc6 9. O-O-O Bd7 10. Kb1 Rc8 11. h4 h5 12. Nb3 Ne5 13. Bd4 a6 14. f4 Nc4 15.
Bxc4 Rxc4 16. e5 dxe5 17. Bxe5 Qb6 18. Bxf6 Qxf6 19. Qxd7 Rxc3 20. bxc3 Qxc3 21.
Kc1 Rc8 22. Rd2 Rc6 23. Re1 Qb2+ 24. Kd1 Qb1+ 25. Ke2 Re6+ 26. Qxe6 Qxe1+ 27.
Kxe1 fxe6 28. Rd7 Kf7 29. Rxb7 Bc3+ 30. Ke2 Kf6 31. Rb6 a5 32. a4 Kf5 33. Kf3
Bb4 34. Rb5+ Kf6 35. Nxa5 1-0

[Event "European Blitz 2022"]
[Site "Katowice POL"]
[Date "2022.12.16"]
[Round "13.65"]
[White "Ulasevich, Sergei"]
[Black "Maltsevskaya, Aleksandra"]
[Result "1/2-1/2"]
[WhiteTitle "CM"]
[BlackTitle "IM"]
[WhiteElo "2236"]
[BlackElo "2400"]
[WhiteFideId "13505629"]
[BlackFideId "24174041"]
[EventDate "2022.12.16"]

1. e4 c5 2. Nf3 e6 3. g3 Nc6 4. Bg2 Nf6 5. Qe2 d5 6. exd5 Nxd5 7. O-O Be7 8. Rd1
O-O 9. d4 cxd4 10. Nxd4 Nxd4 11. Rxd4 Bf6 12. Rd1 Qc7 13. c4 Nb6 14. Nd2 Rd8 15.
Ne4 Rxd1+ 16. Qxd1 Be7 17. b3 Bd7 18. Bb2 Bc6 19. Qg4 e5 20. Rd1 g6 21. Qe2 Rd8
22. Rxd8+ Bxd8 23. Qd3 Be7 24. h4 Qd7 25. Qe2 f6 26. Kh2 Kg7 27. Bh3 Qd8 28. Bg2
Nd7 29. h5 Nf8 30. hxg6 hxg6 31. Nc3 Bxg2 32. Kxg2 Ne6 33. Nd5 Nc7 34. Qe4 Nxd5
35. cxd5 Qd6 36. Qc4 a6 37. a4 Bf8 38. Bc3 Kf7 39. b4 Be7 40. b5 axb5 41. axb5
Kg7 42. Ba5 Qd7 43. Bc3 Bd6 44. Kh2 g5 45. Kg2 g4 46. Qd3 Qc8 47. Bd2 f5 48. Qe3
f4 49. gxf4 Qc4 50. fxe5 Qxd5+ 51. Kg1 Bxe5 52. Qh6+ Kf7 53. Qh7+ Bg7 54. Be3
Qd1+ 55. Kg2 Qf3+ 56. Kg1 Qd5 57. b6 Kf8 58. Qc2 Be5 59. Qc8+ Kf7 60. Qxg4 Bf6
61. Qg3 Qd1+ 62. Kg2 Qd5+ 63. Kg1 Be5 64. Qg4 Bd6 65. Qd7+ Kf6 66. Qd8+ Kg6 67.
Qe8+ Kg7 68. Qd7+ Kf6 69. Qg4 Be5 70. Qh4+ Kf7 71. Qh7+ Kf6 72. Qh6+ Kf7 73.
Qh7+ Bg7 74. Qh3 Qd1+ 75. Kg2 Qd6 76. Qf3+ Kg8 77. Qxb7 Qg6+ 78. Kf1 Qd3+ 79.
Kg1 Qg6+ 80. Qg2 Qb1+ 81. Kh2 Qh7+ 82. Qh3 Be5+ 83. Kg2 Qg6+ 84. Kf3 Qc6+ 85.
Ke2 Qc4+ 86. Kf3 Qc6+ 87. Ke2 Qc4+ 88. Kf3 Qc6+ 89. Ke2 1/2-1/2

[Event "European Blitz 2022"]
[Site "Katowice POL"]
[Date "2022.12.16"]
[Round "13.66"]
[White "Salna, Aleksandras"]
[Black "Stremavicius, Pijus"]
[Result "1-0"]
[BlackTitle "FM"]
[WhiteElo "2191"]
[BlackElo "2369"]
[WhiteFideId "12807575"]
[BlackFideId "12812730"]
[EventDate "2022.12.16"]

1. d4 d6 2. Nf3 g6 3. c4 Bg7 4. Nc3 Nc6 5. Bg5 Bg4 6. e3 h6 7. Bh4 Nf6 8. Be2
O-O 9. O-O g5 10. Bg3 Nh5 11. Nd2 Bxe2 12. Qxe2 Nxg3 13. fxg3 e6 14. Rf2 Qe7 15.
Raf1 a6 16. Qg4 f5 17. Qe2 Rf7 18. Kh1 Raf8 19. Qh5 Rf6 20. d5 Ne5 21. dxe6 Qxe6
22. Nd5 R6f7 23. b3 c6 24. Nb4 Ng4 25. Re2 a5 26. Nc2 d5 27. h3 Ne5 28. Nd4 Qd7
29. Ref2 c5 30. Nc2 dxc4 31. Nxc4 Nxc4 32. bxc4 Qd3 33. Qe2 Qe4 34. Rd1 Be5 35.
Rf3 f4 36. gxf4 gxf4 37. Re1 fxe3 38. Rxe3 Qg6 39. Rxe5 Rf2 40. Qg4 Qxg4 41.
hxg4 Rxc2 42. Rxc5 Rff2 43. Rc7 Rxg2 44. Re8# 1-0

[Event "European Blitz 2022"]
[Site "Katowice POL"]
[Date "2022.12.16"]
[Round "13.67"]
[White "Kacprzak, Karol"]
[Black "Povilaitis, Tomas"]
[Result "1-0"]
[WhiteElo "2226"]
[BlackElo "2038"]
[WhiteFideId "21819327"]
[BlackFideId "12811700"]
[EventDate "2022.12.16"]

1. e4 c5 2. Nf3 Nc6 3. d4 cxd4 4. Nxd4 e5 5. Nb5 d6 6. N1c3 a6 7. Na3 b5 8. Nd5
Nge7 9. Be3 Nxd5 10. exd5 Ne7 11. c4 Nf5 12. Bd2 g6 13. cxb5 Bg7 14. Be2 O-O 15.
O-O axb5 16. Nxb5 Ba6 17. a4 Qh4 18. Ra3 Bxb5 19. Bxb5 Nd4 20. Bc4 e4 21. Rh3
Qe7 22. a5 Nf5 23. Re1 Bxb2 24. Qc2 Bg7 25. Qxe4 Qd7 26. Ra3 Rfe8 27. Qb1 Bd4
28. a6 Rxe1+ 29. Qxe1 Bc5 30. Ra2 Qa7 31. Qf1 Qe7 32. Bb5 Ra7 33. Bc3 Qe4 34.
Re2 Ne3 35. fxe3 Bxe3+ 36. Kh1 Qxd5 37. Rxe3 Qxb5 38. Qxb5 1-0